| 000 | 00419nam a2200169Ia 4500 | ||
|---|---|---|---|
| 005 | 20250423101343.0 | ||
| 008 | 250422s9999 xx 000 0 und d | ||
| 020 | _a0671754270 | ||
| 050 | _aPE 1628 .N420/ | ||
| 245 | 4 | _aThe New Merriam-Webster pocket dictionary. | |
| 260 | _aNew York | ||
| 260 | _bPocket Books | ||
| 260 | _c1971 | ||
| 300 | _a692 p | ||
| 650 | _aEnglish language _ Dictionaries. | ||
| 942 | _cBK | ||
| 999 |
_c36059 _d36059 |
||